000 00408nam a22001697a 4500
005 20160628155000.0
008 160628b xxu||||| |||| 00| 0 eng d
020 _a81-85749-11-6
041 _aeng
082 _b11798
100 _aGautam, A.K.
_93113
245 _aPrinciples of Communication
260 _bS.K. Kataria & Sons
_c2012
300 _a293
650 _aDiploma Engineering
_9817
942 _cBK
999 _c4542
_d4541